000 00291nam a2200121Ia 4500
008 190216s9999||||xx |||||||||||||| ||und||
100 _aThunjathu Ezhuthachan
245 0 _aNalacharitham (atta Katha)
260 _bAjith Book Center
300 _a1113p
650 _aKavithkal
942 _cBK
999 _c25394
_d25394